00922cam a2200301 a 450000100090000000300040000900500170001300800410003001000170007102000280008802000370011603500230015304000230017604200140019904300120021305000210022508200160024624500640026224600190032625000120034526000420035730000270039950400560042665000380048265000230052070000210054370000560056413696819OSt20230620112923.0040618s2004 mnu bd 000 0 eng d a 2004616324 a0314151990 (alk. paper) a0314152342 (deluxe : alk. paper) a(OCoLC)ocm55677958 aIBMcIBMdZWTdDLC alccopycat an-us---00aKF156b.B53 2004 a340.03bGAR00aBlack's law dictionary /cBryan A. Garner, editor in chief.30aLaw dictionary a8th ed. aSt. Paul, MN :bThomson/West,cc2004. axxv, 1810 p. ;c26 cm. aIncludes bibliographical references (p. 1797-1810). 0aLawzUnited StatesvDictionaries. 0aLawvDictionaries.1 aGarner, Bryan A.1 aBlack, Henry Campbell,d1860-1927.tLaw dictionary.